| 000 | 00568nam a2200217 a 4500 | ||
|---|---|---|---|
| 005 | 20140310183433.0 | ||
| 008 | 080114s19uu xx 00 eng d | ||
| 020 | _a9780132408042 | ||
| 050 |
_aHD 31 _b.R632 2007 |
||
| 100 | _aRobbins, Stephen | ||
| 245 |
_aManagement / _cStephen Robbins. |
||
| 250 | _a9th ed. | ||
| 260 |
_aNew Jersey : _bPearson Education International, _c2007. |
||
| 300 |
_a768 p. : _cill. col. ; |
||
| 521 | _aBSBA | ||
| 650 | _aManagement. | ||
| 700 | _aCoulter, Mary | ||
| 942 |
_cBK _2lcc _kFOR |
||
| 999 |
_c22796 _d22796 |
||